Itsy bitsy spider / (Record no. 8839)

MARC details
000 -LEADER
fixed length control field 01212nam a22002777a 4500
001 - CONTROL NUMBER
control field 8839
003 - CONTROL NUMBER IDENTIFIER
control field FISKH
005 - DATE AND TIME OF LATEST TRANSACTION
control field 20251022143632.0
008 - FIXED-LENGTH DATA ELEMENTS--GENERAL INFORMATION
fixed length control field 251022b cb ||||| |||| 00| 0 eng d
020 ## - INTERNATIONAL STANDARD BOOK NUMBER
International Standard Book Number 9781618103109
040 ## - CATALOGING SOURCE
Original cataloging agency FISKH
Language of cataloging eng
Transcribing agency FISKH
Modifying agency FISKH
050 ## - LIBRARY OF CONGRESS CALL NUMBER
Classification number H8121
082 ## - DEWEY DECIMAL CLASSIFICATION NUMBER
Classification number 398.8
100 ## - MAIN ENTRY--PERSONAL NAME
Personal name Hord, Colleen
Relator term Author
245 ## - TITLE STATEMENT
Title Itsy bitsy spider /
Statement of responsibility, etc. By Collen Hord ; Illustrated by Helen Poole
260 ## - PUBLICATION, DISTRIBUTION, ETC.
Place of publication, distribution, etc. Shenzhen :
Name of publisher, distributor, etc. Artwood Press ,
Date of publication, distribution, etc. 2013
300 ## - PHYSICAL DESCRIPTION
Extent 24 pages :
Other physical details color illustrations ;
Dimensions 21 cm
505 ## - FORMATTED CONTENTS NOTE
Formatted contents note L<br/>
520 ## - SUMMARY, ETC.
Summary, etc. The 24-page book, Itsy Bitsy Spider, introduces early learners to teacher-focused concepts that will help them gain important reading comprehension and social skills. The vibrant illustrations and engaging leveled text in the Little Birdie Books' Leveled Readers work together to tell fun stories while supporting early readers. Featuring grade-appropriate vocabulary and activities, these books help children develop essential skills for reading proficiency.
521 8# - TARGET AUDIENCE NOTE
Target audience note 520<br/>
Source Lexile<br/>
521 8# - TARGET AUDIENCE NOTE
Target audience note L<br/>
Source Raz-Plus<br/>
650 ## - SUBJECT ADDED ENTRY--TOPICAL TERM
Topical term or geographic name entry element Picture book
Form subdivision Nursery rhymes
700 ## - ADDED ENTRY--PERSONAL NAME
Personal name Poole, Helen
Relator term Illustrator
942 ## - ADDED ENTRY ELEMENTS (KOHA)
Source of classification or shelving scheme Dewey Decimal Classification
Koha item type Books
Suppress in OPAC No
Holdings
Withdrawn status Lost status Source of classification or shelving scheme Damaged status Not for loan Home library Current library Shelving location Date acquired Total Checkouts Full call number Barcode Date last seen Date last checked out Copy number Price effective from Koha item type
    Dewey Decimal Classification     Footprints International School Library Network Toul Tom Poung Campus Footprints International School Library Network Toul Tom Poung Campus TTP Primary Yellow Bookshelves 10/22/2025 1 HOR 398.8 H8121 FIS02737 10/27/2025 10/24/2025 1 10/22/2025 Books